Yoga wisdom and practice / (Record no. 56155)

MARC details
000 -LEADER
fixed length control field 00771nam a22002177a 4500
005 - DATE AND TIME OF LATEST TRANSACTION
control field 20110901141711.0
010 ## - LCCN (DPL NO)
LC control number G-001325
020 ## - INTERNATIONAL STANDARD BOOK NUMBER
International Standard Book Number 9781405335508
Terms of availability 795.00
035 ## - SYSTEM CONTROL NUMBER
System control number G-001325
037 ## - SOURCE OF ACQUISITION
Source of stock number/acquisition Gift
082 ## - DEWEY DECIMAL CLASSIFICATION NUMBER
Classification number 613.7046
100 ## - MAIN ENTRY--PERSONAL NAME
Personal name Iyengar, B.K.S.
245 ## - TITLE STATEMENT
Title Yoga wisdom and practice /
Statement of responsibility, etc by B.K.S. Iyengar
260 ## - PUBLICATION, DISTRIBUTION, ETC. (IMPRINT)
Place of publication, distribution, etc London
Name of publisher, distributor, etc Dorling Kindersley
Date of publication, distribution, etc 2009
270 ## - ADDRESS
Address 80 Strand,
City London
300 ## - PHYSICAL DESCRIPTION
Extent 256p.
Dimensions 25cm(Hb)
500 ## - GENERAL NOTE
General note Includes glossary and index
942 ## - ADDED ENTRY ELEMENTS (KOHA)
Source of classification or shelving scheme Dewey Decimal Classification
Item type English Books
Call number suffix IYE
Classification part 613.7046
Holdings
Withdrawn status Lost status Not for loan Collection code Home library Current library Date acquired Source of acquisition Cost, normal purchase price Full call number Barcode Copy number Cost, replacement price Koha item type
      Non-fiction Janak Puri Janak Puri 01/09/2011 gift 795.00 613.7046 IYE G-001325 1 795.00 English Books

© Delhi Public Library
Hit Counter
free hit counter